World Cities A-Z by Clue #2 - Statistics

General Stats
  • This quiz has been taken 58,528 times
    4,374 since last reset
  • The average score is 21 of 26
Answer Stats
Hint City % Correct
D Center of the U.S. automobile industry Detroit
96%
L Second largest city in France (metro area) Lyon
95%
M Second largest city in France (city proper) Marseille
95%
Q Walled city downriver from Montreal Quebec City
92%
K Formerly known as Calcutta Kolkata
91%
O Ukrainian city on the Black Sea Odessa
91%
P Where the U.S. Declaration of Independence was signed Philadelphia
91%
V Where "The Blue Danube" waltz premiered in 1867 Vienna
91%
N According to one song, its the "concrete jungle where dreams are made of" New York
90%
E Northernmost city which has an NHL hockey team Edmonton
89%
B Located about 80 km north of the ruins of Babylon Baghdad
88%
C Also the name of a 1942 film which won an Oscar for Best Picture Casablanca
87%
Y Capital of Armenia Yerevan
87%
G Capital of Jalisco, Mexico Guadalajara
86%
R Where Mohammed bin Salman lives Riyadh
86%
S Founded by Peter the Great in 1703 St. Petersburg
86%
H Kowloon is part of this city Hong Kong
83%
Z Off the coast near Dar es Salaam Zanzibar City
83%
I Third largest city in Turkey, once known as Smyrna İzmir
79%
T Served by Ben Gurion International Airport Tel Aviv
78%
W Capital named for the victorious British general at Waterloo Wellington
78%
A Found in the middle of the Australia Outback Alice Springs
67%
J The Mponeng Gold Mine near this city extends 4.0 km below the surface, making it the deepest mine in the world Johannesburg
62%
F Capital of Madeira Funchal
49%
U Located in northeast Thailand, near the border with Laos {Udon} Thani
19%
X Borough of Mexico City which is the only place where the critically-endangered axolotl can be found in the wild {Xochi}milco
17%
No matching quizzes found
Score Distribution
Percent of People with Each Score
Percentile by Number Answered
Your Score History
You have not taken this quiz since the last reset